<?xml version="1.0" encoding="UTF-8"?>
<record
    xmlns:xsi="http://www.w3.org/2001/XMLSchema-instance"
    xsi:schemaLocation="http://www.loc.gov/MARC21/slim http://www.loc.gov/standards/marcxml/schema/MARC21slim.xsd"
    xmlns="http://www.loc.gov/MARC21/slim">

  <leader>02318njm a2200409Ia 4500</leader>
  <controlfield tag="001">87508</controlfield>
  <controlfield tag="003">IT-RoPAU</controlfield>
  <controlfield tag="005">20220918181139.0</controlfield>
  <controlfield tag="008">131025s9999    xx            000 0 und d</controlfield>
  <datafield tag="040" ind1=" " ind2=" ">
    <subfield code="a">IT-RoPAU</subfield>
  </datafield>
  <datafield tag="040" ind1=" " ind2=" ">
    <subfield code="c">IT-RoPAU</subfield>
  </datafield>
  <datafield tag="041" ind1=" " ind2=" ">
    <subfield code="a">INGLESE</subfield>
  </datafield>
  <datafield tag="999" ind1=" " ind2=" ">
    <subfield code="c">101151</subfield>
    <subfield code="d">101151</subfield>
  </datafield>
  <datafield tag="999" ind1=" " ind2=" ">
    <subfield code="b">n.d.</subfield>
  </datafield>
  <datafield tag="100" ind1=" " ind2=" ">
    <subfield code="a">AA.VV.</subfield>
    <subfield code="9">794</subfield>
  </datafield>
  <datafield tag="100" ind1=" " ind2=" ">
    <subfield code="e">Autore musica</subfield>
    <subfield code="9">26727</subfield>
  </datafield>
  <datafield tag="100" ind1=" " ind2=" ">
    <subfield code="g">Codice autore musica SPICS: 12000</subfield>
    <subfield code="9">796</subfield>
  </datafield>
  <datafield tag="245" ind1=" " ind2=" ">
    <subfield code="a">Break Every Rule</subfield>
  </datafield>
  <datafield tag="250" ind1=" " ind2=" ">
    <subfield code="a">1a ed.</subfield>
  </datafield>
  <datafield tag="260" ind1=" " ind2=" ">
    <subfield code="a">USA</subfield>
  </datafield>
  <datafield tag="260" ind1=" " ind2=" ">
    <subfield code="b">CAPITOL RECORDS</subfield>
    <subfield code="c">1986 [1a Ed.:1986 - Ed. Lingua Orig.: 1986]</subfield>
  </datafield>
  <datafield tag="300" ind1=" " ind2=" ">
    <subfield code="a">DISCO</subfield>
  </datafield>
  <datafield tag="500" ind1=" " ind2=" ">
    <subfield code="a">Musica pop. Canzone inglese</subfield>
  </datafield>
  <datafield tag="505" ind1=" " ind2=" ">
    <subfield code="a">Typical Male - What You Get Is What You See - Two People - Till the Right Man Comes Along - Afterglow - Girls - Back Where You Started - Break Every Rule - Overnight Sensation - Paradise Is Here - I'll Be Thunder</subfield>
  </datafield>
  <datafield tag="650" ind1=" " ind2=" ">
    <subfield code="a">POP [DISCHI]</subfield>
    <subfield code="e">Codice MATERIA SPICS: 9950</subfield>
    <subfield code="9">1001</subfield>
  </datafield>
  <datafield tag="700" ind1=" " ind2=" ">
    <subfield code="a">Turner Tina</subfield>
    <subfield code="g">Codice interprete SPICS: 13173</subfield>
    <subfield code="e">Interprete</subfield>
    <subfield code="9">26728</subfield>
  </datafield>
  <datafield tag="700" ind1=" " ind2=" ">
    <subfield code="a">Britten Terry</subfield>
    <subfield code="g">Codice autore musica SPICS: 21776</subfield>
    <subfield code="e">Autore musica</subfield>
    <subfield code="p">Typical Male - What You Get Is What You See - Two People - Till the Right Man Comes Along - Afterglow</subfield>
    <subfield code="9">26729</subfield>
  </datafield>
  <datafield tag="700" ind1=" " ind2=" ">
    <subfield code="a">Lyle Graham</subfield>
    <subfield code="g">Codice autore testo/musica SPICS: 25638</subfield>
    <subfield code="e">Autore testo/musica</subfield>
    <subfield code="p">Typical Male - What You Get Is What You See - Two People - Till the Right Man Comes Along - Afterglow</subfield>
    <subfield code="9">26730</subfield>
  </datafield>
  <datafield tag="700" ind1=" " ind2=" ">
    <subfield code="a">Bowie David</subfield>
    <subfield code="g">Codice autore musica SPICS: 8891</subfield>
    <subfield code="e">Autore musica</subfield>
    <subfield code="p">Girls</subfield>
    <subfield code="9">26731</subfield>
  </datafield>
  <datafield tag="700" ind1=" " ind2=" ">
    <subfield code="a">Kizilcay Erdal</subfield>
    <subfield code="g">Codice autore testo/musica SPICS: 31070</subfield>
    <subfield code="e">Autore testo/musica</subfield>
    <subfield code="p">Girls</subfield>
    <subfield code="9">26732</subfield>
  </datafield>
  <datafield tag="700" ind1=" " ind2=" ">
    <subfield code="a">Adams Bryan</subfield>
    <subfield code="g">Codice autore musica SPICS: 24483</subfield>
    <subfield code="e">Autore musica</subfield>
    <subfield code="p">Back Where You Started</subfield>
    <subfield code="9">26733</subfield>
  </datafield>
  <datafield tag="700" ind1=" " ind2=" ">
    <subfield code="a">Vallance Jim</subfield>
    <subfield code="g">Codice autore testo/musica SPICS: 28261</subfield>
    <subfield code="e">Autore testo/musica</subfield>
    <subfield code="p">Back Where You Started</subfield>
    <subfield code="9">26734</subfield>
  </datafield>
  <datafield tag="700" ind1=" " ind2=" ">
    <subfield code="a">Hine Rupert</subfield>
    <subfield code="g">Codice autore musica SPICS: 31059</subfield>
    <subfield code="e">Autore musica</subfield>
    <subfield code="p">Break Every Rule - I'll Be Thunder</subfield>
    <subfield code="9">26735</subfield>
  </datafield>
  <datafield tag="700" ind1=" " ind2=" ">
    <subfield code="a">Obstoj Jennette</subfield>
    <subfield code="g">Codice autore testo/musica SPICS: 31058</subfield>
    <subfield code="e">Autore testo/musica</subfield>
    <subfield code="p">Break Every Rule - I'll Be Thunder</subfield>
    <subfield code="9">26736</subfield>
  </datafield>
  <datafield tag="700" ind1=" " ind2=" ">
    <subfield code="a">Knopfler Mark</subfield>
    <subfield code="g">Codice autore testo/musica SPICS: 11393</subfield>
    <subfield code="e">Autore testo/musica</subfield>
    <subfield code="p">Overnight Sensation</subfield>
    <subfield code="9">26737</subfield>
  </datafield>
  <datafield tag="700" ind1=" " ind2=" ">
    <subfield code="a">Brady Paul</subfield>
    <subfield code="g">Codice autore testo/musica SPICS: 31069</subfield>
    <subfield code="e">Autore testo/musica</subfield>
    <subfield code="p">Paradise Is Here</subfield>
    <subfield code="9">26738</subfield>
  </datafield>
  <datafield tag="942" ind1=" " ind2=" ">
    <subfield code="c">MD</subfield>
    <subfield code="2">ddc</subfield>
  </datafield>
  <datafield tag="952" ind1=" " ind2=" ">
    <subfield code="0">0</subfield>
    <subfield code="1">0</subfield>
    <subfield code="4">0</subfield>
    <subfield code="6">87508_000000000000000</subfield>
    <subfield code="7">1</subfield>
    <subfield code="a">SPICS</subfield>
    <subfield code="b">SPICS</subfield>
    <subfield code="d">2013-10-25</subfield>
    <subfield code="l">0</subfield>
    <subfield code="o">87508</subfield>
    <subfield code="r">2013-10-25 00:00:00</subfield>
    <subfield code="w">2013-10-25</subfield>
    <subfield code="y">MD</subfield>
    <subfield code="z">Progr. Ins.: 21419 / N.Vol.: 1 / Copie: 1 - Copia rara: n.d. / date import: 01.01.2014 - By Epidotti, Trombetti, Vaglietti</subfield>
  </datafield>
</record>
